Métodos numéricos aplicados a la computación digital con Fortran
| Main Author: | |
|---|---|
| Format: | Section = Libro |
| Language: | Undetermined Spanish |
| Published: |
México
Representaciones y Servicios de Ingeniería
1984
|
| Subjects: |
| LEADER | 00646nam a2200193Ia 4500 | ||
|---|---|---|---|
| 008 | 240829s9999 xx 000 0 und d | ||
| 020 | |a 968-6062-13-0 | ||
| 040 | |a BIBLIOTECA-RUPAP 001.6424 J28 | ||
| 041 | |a spa | ||
| 082 | |a 001.6424 J28 | ||
| 100 | 1 | |a James, M.L. | |
| 245 | 1 | 0 | |a Métodos numéricos aplicados a la computación digital con Fortran |
| 260 | |a México |b Representaciones y Servicios de Ingeniería |c 1984 | ||
| 300 | |a 575 p. :il. | ||
| 650 | 7 | |a PROGRAMAS Y PROGRAMACION DE COMPUTADORAS | |
| 650 | 7 | |b METODOS NUMERICOS. I. Smith, G.M., coaut. II. Wolford, J.C., coaut. III. Tít. | |
| 942 | |c BK |2 ddc | ||
| 991 | |a TEXTO | ||
| 999 | |c 6990 | ||